[Event "Lloyds Bank Masters 08th"]
[Site "London, Park Lane Hotel"]
[Date "1984.08.24"]
[Round "3"]
[White "Nunn, John DM"]
[Black "Reefschlaeger, Helmut"]
[Result "1-0"]
[WhiteElo "2575"]
[BlackElo "2410"]
[PlyCount "65"]
[EventDate "1984.08.22"]
[EventType "swiss"]
[EventRounds "9"]
[EventCountry "ENG"]
[SourceTitle "BritBase"]
[Source "John Saunders"]
[SourceDate "2021.06.18"]
[SourceVersion "1"]
[SourceVersionDate "2021.06.18"]
[SourceQuality "2"]

1. e4 e6 2. d4 d5 3. Nc3 Bb4 4. e5 c5 5. a3 Ba5 $5 6. b4 cxd4 7. Qg4 Ne7 8. Nb5
Bc7 9. Qxg7 Rg8 10. Qxh7 a6 11. Nxc7+ Qxc7 12. Bb2 (12. Ne2) 12... Nbc6 (12...
Qxe5+ 13. Ne2 Qc7 14. f4 Nbc6 15. Qd3 Nf5 16. O-O-O Bd7 17. Re1 Rc8 18. Kb1 {
1-0 Nunn-Kinsman, Lloyds Bank Masters 1993 (36 moves)}) 13. f4 Bd7 14. Nf3
O-O-O 15. Qd3 Nf5 16. O-O-O f6 17. Nxd4 Ncxd4 18. Bxd4 Bb5 19. Qd2 Bxf1 20.
Rhxf1 Nxd4 21. Qxd4 Rxg2 22. Rd2 Rxd2 23. Kxd2 f5 24. Rg1 Kb8 25. Rg3 Qh7 26.
h3 Rc8 27. Rc3 Rxc3 28. Qxc3 Qg6 29. Qe3 Qg2+ 30. Kc3 Qf1 31. Kb2 a5 32. bxa5
Qb5+ 33. Qb3 1-0

[Event "Lloyds Bank Masters 08th"]
[Site "London, Park Lane Hotel"]
[Date "1984.08.24"]
[Round "3"]
[White "Savereide, Diane"]
[Black "Kudrin, Sergey"]
[Result "0-1"]
[WhiteElo "2230"]
[BlackElo "2550"]
[PlyCount "53"]
[EventDate "1984.08.22"]
[EventType "swiss"]
[EventRounds "9"]
[EventCountry "ENG"]
[SourceTitle "BritBase"]
[Source "John Saunders"]
[SourceDate "2021.06.18"]
[SourceVersion "1"]
[SourceVersionDate "2021.06.18"]
[SourceQuality "2"]

1. e4 c5 2. Nf3 d6 3. d4 cxd4 4. Nxd4 Nf6 5. Nc3 g6 6. Be3 Bg7 7. f3 Nc6 8. Qd2
O-O 9. g4 Be6 10. O-O-O Ne5 11. Kb1 Bc4 12. Bd3 Rc8 13. h4 b5 14. h5 Qa5 15. a3
b4 16. axb4 Qxb4 17. Nd5 Nxd5 18. exd5 Qxd2 19. Rxd2 Nxd3 20. Nc6 Rxc6 21. dxc6
Nb4 22. c7 Nd5 23. Bxa7 Nxc7 24. Bd4 e5 25. Bc3 Nd5 26. Ba5 Ra8 27. b4 0-1

[Event "Lloyds Bank Masters 08th"]
[Site "London, Park Lane Hotel"]
[Date "1984.08.24"]
[Round "3"]
[White "Stevenson, Philip"]
[Black "Miles, Anthony John"]
[Result "0-1"]
[WhiteElo "2215"]
[BlackElo "2565"]
[PlyCount "76"]
[EventDate "1984.08.22"]
[EventType "swiss"]
[EventRounds "9"]
[EventCountry "ENG"]
[SourceTitle "BritBase"]
[Source "John Saunders"]
[SourceDate "2021.06.18"]
[SourceVersion "1"]
[SourceVersionDate "2021.06.18"]
[SourceQuality "2"]

1. d4 Nf6 2. Nf3 b6 3. Bf4 Bb7 4. e3 c5 5. c3 g6 6. h3 Bg7 7. Be2 O-O 8. O-O d6
9. Nbd2 Nbd7 10. a4 a6 11. Bh2 Qb8 12. b4 Ne4 13. Nxe4 Bxe4 14. Qb3 cxd4 15.
cxd4 Qb7 16. Rfc1 Nf6 17. Ne1 Rfc8 18. f3 Bd5 19. Qb2 Bh6 20. Kf2 b5 21. axb5
axb5 22. g4 Bc4 23. h4 Rxa1 24. Rxa1 Bxe2 25. Kxe2 Nd5 26. g5 Bg7 27. Nd3 Nc3+
28. Kf2 Rc4 29. Rc1 Qc8 30. Qd2 Nd5 31. Bg3 h6 32. Ke2 Qh3 33. Bf2 Qc8 34. Be1
hxg5 35. hxg5 Qe6 36. Kf2 Nxe3 37. Nf4 Qc8 38. Qxe3 Rxc1 0-1

[Event "Lloyds Bank Masters 08th"]
[Site "London, Park Lane Hotel"]
[Date "1984.08.24"]
[Round "3"]
[White "Teichmann, Erik Oskar Michael"]
[Black "Crawley, Gavin"]
[Result "1-0"]
[WhiteElo "2285"]
[BlackElo "2300"]
[PlyCount "39"]
[EventDate "1984.08.22"]
[EventType "swiss"]
[EventRounds "9"]
[EventCountry "ENG"]
[SourceTitle "BritBase"]
[Source "John Saunders"]
[SourceDate "2021.06.18"]
[SourceVersion "1"]
[SourceVersionDate "2021.06.18"]
[SourceQuality "2"]

1. d4 Nf6 2. c4 g6 3. g3 Bg7 4. Bg2 O-O 5. Nc3 c6 6. Nf3 d5 7. cxd5 cxd5 8. Ne5
Nbd7 9. Nxd7 Bxd7 10. O-O Bf5 11. Qb3 Qd7 12. Nxd5 Nxd5 13. Bxd5 Rfd8 14. Bxf7+
Kf8 15. Bc4 Qxd4 16. Bg8 Ke8 17. Bg5 Qe4 18. Qf7+ Kd7 19. Rac1 Bd4 20. Rfd1 1-0

[Event "Lloyds Bank Masters 08th"]
[Site "London, Park Lane Hotel"]
[Date "1984.08.24"]
[Round "3"]
[White "Watts, David"]
[Black "Hebden, Mark L"]
[Result "0-1"]
[WhiteElo "2200"]
[BlackElo "2480"]
[PlyCount "86"]
[EventDate "1984.08.22"]
[EventType "swiss"]
[EventRounds "9"]
[EventCountry "ENG"]
[SourceTitle "BritBase"]
[Source "John Saunders"]
[SourceDate "2021.06.18"]
[SourceVersion "1"]
[SourceVersionDate "2021.06.18"]
[SourceQuality "2"]

1. e4 e5 2. Nf3 Nc6 3. Bb5 a6 4. Ba4 Nf6 5. O-O Be7 6. Bxc6 dxc6 7. d3 Nd7 8.
Nbd2 O-O 9. Nc4 f6 10. Nh4 Nc5 11. Qf3 Ne6 12. Nf5 Nd4 13. Nxd4 Qxd4 14. Be3
Qd7 15. a4 b5 16. Nd2 Bd6 17. Qg3 f5 18. exf5 e4 19. Qh4 exd3 20. axb5 Qxf5 21.
bxc6 dxc2 22. Rac1 Rb8 23. Qc4+ Be6 24. Qxc2 Qe5 25. g3 Rxb2 26. Qd3 Qb5 27.
Qxb5 axb5 28. Rb1 Rxb1 29. Rxb1 b4 30. Nb3 Bxb3 31. Rxb3 Re8 32. Kg2 Re4 33.
Bd2 Rc4 34. Rb2 Kf7 35. Kf3 Ke6 36. Ke3 Kd5 37. Kd3 Rd4+ 38. Ke3 Bc5 39. f4
Kxc6 40. Kf3 Kd5 41. f5 Bd6 42. g4 Rd3+ 43. Kf2 b3 0-1

[Event "Lloyds Bank Masters 08th"]
[Site "London, Park Lane Hotel"]
[Date "1984.08.24"]
[Round "3"]
[White "Zueger, Beat"]
[Black "Watson, William N"]
[Result "1-0"]
[WhiteElo "2385"]
[BlackElo "2450"]
[PlyCount "75"]
[EventDate "1984.08.22"]
[EventType "swiss"]
[EventRounds "9"]
[EventCountry "ENG"]
[SourceTitle "BritBase"]
[Source "John Saunders"]
[SourceDate "2021.06.18"]
[SourceVersion "1"]
[SourceVersionDate "2021.06.18"]
[SourceQuality "2"]

1. c4 g6 2. g3 Bg7 3. Bg2 Nf6 4. Nc3 O-O 5. d3 d6 6. Rb1 c6 7. Nf3 d5 8. Qc2
Na6 9. Nd2 Bf5 10. O-O Qd7 11. Rd1 Bh3 12. Nf3 Qg4 13. cxd5 cxd5 14. Bg5 Rfd8
15. d4 Qh5 16. Qb3 Bc8 17. h3 Nc7 18. Bf4 Ne6 19. g4 Nxg4 20. hxg4 Qxg4 21. Be3
Qh5 22. Nh2 Nc7 23. Rbc1 e5 24. dxe5 Be6 25. Bd4 Bxe5 26. Nf3 Bf4 27. e3 Bg4
28. Ne2 Bxf3 29. Bxf3 Qxf3 30. Nxf4 Ne6 31. Nxe6 Qg4+ 32. Kf1 Qxe6 33. Qxb7 h5
34. Qc7 Qh3+ 35. Ke1 Re8 36. Qf4 Re6 37. Qh6 Qh1+ 38. Kd2 1-0

[Event "Lloyds Bank Masters 08th"]
[Site "London, Park Lane Hotel"]
[Date "1984.08.25"]
[Round "4"]
[White "Arnason, Asgeir Thor"]
[Black "Kameswaran, Visweswaran"]
[Result "1-0"]
[WhiteElo "2250"]
[BlackElo "2000"]
[PlyCount "131"]
[EventDate "1984.08.22"]
[EventType "swiss"]
[EventRounds "9"]
[EventCountry "ENG"]
[SourceTitle "BritBase"]
[Source "John Saunders"]
[SourceDate "2020.09.07"]
[SourceVersion "1"]
[SourceVersionDate "2020.09.07"]
[SourceQuality "2"]

1. e4 e5 2. Nf3 Nc6 3. Bb5 a6 4. Ba4 Nf6 5. O-O b5 6. Bb3 Be7 7. Re1 d6 8. c3
O-O 9. h3 Nb8 10. a4 Bb7 11. d3 Nbd7 12. Nbd2 Re8 13. Nf1 Bf8 14. Ne3 g6 15.
Ng5 Re7 16. Kh2 h6 17. Nf3 Nc5 18. axb5 axb5 19. Rxa8 Qxa8 20. Bc2 Ne6 21. b4
c5 22. Ng4 Nxg4+ 23. hxg4 Bg7 24. Bd2 Bc6 25. Qc1 g5 26. bxc5 dxc5 27. Qb1 Ra7
28. Bb3 Qc8 29. Ng1 Nf4 30. g3 Ng6 31. f3 Bd7 32. Bd5 Ne7 33. c4 b4 34. Be3 Bf8
35. Qb2 Ng6 36. Ra1 Ra6 37. Ne2 Bc6 38. Nc1 Bxd5 39. exd5 Bd6 40. Nb3 Rxa1 41.
Qxa1 f6 42. Qa7 f5 43. Qb6 Qf8 44. gxf5 Nh4 45. gxh4 e4+ 46. Kg2 gxh4 47. dxe4
Qg7+ 48. Kf1 h3 49. Qxd6 Qg2+ 50. Ke1 h2 51. Qe6+ Kh8 52. Qxh6+ Kg8 53. Bxc5
h1=Q+ 54. Qxh1 Qxh1+ 55. Ke2 Qg2+ 56. Bf2 Qg7 57. d6 Qc3 58. Nd2 Kf7 59. Bg3
Qg7 60. Bf4 Qd4 61. Bg3 b3 62. e5 b2 63. e6+ Ke8 64. d7+ Kd8 65. Bf2 Qe5+ 66.
Kf1 1-0

[Event "Lloyds Bank Masters 08th"]
[Site "London, Park Lane Hotel"]
[Date "1984.08.25"]
[Round "4"]
[White "Conquest, Stuart"]
[Black "Ravikumar, Vaidyanathan"]
[Result "1-0"]
[WhiteElo "2300"]
[BlackElo "2385"]
[PlyCount "93"]
[EventDate "1984.08.22"]
[EventType "swiss"]
[EventRounds "9"]
[EventCountry "ENG"]
[SourceTitle "BritBase"]
[Source "John Saunders"]
[SourceDate "2021.06.18"]
[SourceVersion "1"]
[SourceVersionDate "2021.06.18"]
[SourceQuality "2"]

1. d4 Nf6 2. c4 g6 3. Nc3 Bg7 4. e4 d6 5. Nf3 O-O 6. Be2 Nbd7 7. O-O e5 8. Qc2
c6 9. Rd1 Qe7 10. Rb1 a5 11. b3 exd4 12. Nxd4 Nc5 13. f3 Re8 14. Bg5 Qf8 15.
Qd2 Nfd7 16. Bf1 Ne5 17. Nce2 b6 18. Ng3 Bb7 19. a3 h6 20. Be3 Ncd7 21. Nc2 Re6
22. Be2 h5 23. h3 h4 24. Nh1 Nc5 25. Nf2 f5 26. Nd4 Ree8 27. exf5 gxf5 28. b4
axb4 29. axb4 Na4 30. f4 c5 31. Nb5 Nf7 32. Bd3 Nh6 33. Bc2 Nb2 34. Re1 Nxc4
35. Bb3 d5 36. Bxc4 dxc4 37. bxc5 Nf7 38. Qc2 Rxe3 39. Rxe3 Qxc5 40. Re6 Qd5
41. Rg6 Kh7 42. Nc7 Qd4 43. Ne6 Kxg6 44. Nxd4 Bxd4 45. Qxc4 Rd8 46. Qe6+ Kg7
47. Qxf5 1-0

[Event "Lloyds Bank Masters 08th"]
[Site "London, Park Lane Hotel"]
[Date "1984.08.25"]
[Round "4"]
[White "Hartston, William Roland"]
[Black "Chandler, Murray G"]
[Result "1/2-1/2"]
[WhiteElo "2440"]
[BlackElo "2540"]
[PlyCount "48"]
[EventDate "1984.08.22"]
[EventType "swiss"]
[EventRounds "9"]
[EventCountry "ENG"]
[SourceTitle "BritBase"]
[Source "John Saunders"]
[SourceDate "2021.06.18"]
[SourceVersion "1"]
[SourceVersionDate "2021.06.18"]
[SourceQuality "2"]

1. e4 c5 2. Nc3 Nc6 3. g3 g6 4. d3 Bg7 5. Bg2 d6 6. Be3 e6 7. Qd2 Nge7 8. Bh6
Bxh6 9. Qxh6 Nd4 10. Qd2 Qa5 11. Nge2 Bd7 12. O-O O-O 13. Qf4 Qb6 14. Nxd4 cxd4
15. Ne2 Rad8 16. h4 f6 17. Qd2 e5 18. c3 Bg4 19. cxd4 Bxe2 20. Qxe2 Qxd4 21.
Bh3 Qb6 22. h5 g5 23. h6 Nc6 24. Rac1 Kh8 1/2-1/2

[Event "Lloyds Bank Masters 08th"]
[Site "London, Park Lane Hotel"]
[Date "1984.08.25"]
[Round "4"]
[White "Hawksworth, John C"]
[Black "Gutman, Lev"]
[Result "1-0"]
[WhiteElo "2340"]
[BlackElo "2485"]
[PlyCount "109"]
[EventDate "1984.08.22"]
[EventType "swiss"]
[EventRounds "9"]
[EventCountry "ENG"]
[SourceTitle "BritBase"]
[Source "John Saunders"]
[SourceDate "2021.06.18"]
[SourceVersion "1"]
[SourceVersionDate "2021.06.18"]
[SourceQuality "2"]

1. d4 Nf6 2. Nf3 g6 3. g3 Bg7 4. Bg2 O-O 5. O-O d5 6. c4 c5 7. dxc5 Na6 8. Nc3
dxc4 9. Qxd8 Rxd8 10. Ne5 Nxc5 11. Be3 Nfe4 12. Nxe4 Nxe4 13. Nxc4 f5 14. Rac1
Be6 15. Bxe4 fxe4 16. b3 Rdc8 17. a4 Rc7 18. Nd2 Rac8 19. Rxc7 Rxc7 20. Bxa7
Bh6 21. Nxe4 Bxb3 22. Nc5 Bc2 23. Bb6 Rc8 24. a5 Bd2 25. Nxb7 Be4 26. Nc5 Bxa5
27. Nxe4 Bxb6 28. Kg2 h6 29. Rb1 Rc6 30. Rb3 Re6 31. Kf3 Kf7 32. e3 Rc6 33. Rb5
Bd8 34. h4 Rc4 35. h5 g5 36. g4 Bc7 37. Rb7 Rc6 38. Rb5 Rc4 39. Rf5+ Kg8 40.
Rd5 Kf7 41. Nd2 Rb4 42. Rc5 Bd6 43. Rc6 Ke6 44. Ne4 Rb8 45. Ra6 Rf8+ 46. Ke2
Kd5 47. Nc3+ Ke5 48. Ra5+ Ke6 49. Nb5 Be5 50. Ra6+ Kd5 51. Rxh6 Rb8 52. Nd4
Bxd4 53. exd4 e5 54. dxe5 Kxe5 55. Ra6 1-0

[Event "Lloyds Bank Masters 08th"]
[Site "London, Park Lane Hotel"]
[Date "1984.08.25"]
[Round "4"]
[White "Jacobs, Byron A"]
[Black "Lane, Gary William"]
[Result "1-0"]
[WhiteElo "2280"]
[BlackElo "2310"]
[PlyCount "57"]
[EventDate "1984.08.22"]
[EventType "swiss"]
[EventRounds "9"]
[EventCountry "ENG"]
[SourceTitle "BritBase"]
[Source "John Saunders"]
[SourceDate "2021.06.18"]
[SourceVersion "1"]
[SourceVersionDate "2021.06.18"]
[SourceQuality "2"]

1. e4 e5 2. Nf3 Nc6 3. Bb5 a6 4. Ba4 Nf6 5. O-O Be7 6. Re1 b5 7. Bb3 d6 8. a4
Bb7 9. d3 O-O 10. Nc3 b4 11. Nd5 Nxd5 12. Bxd5 Na5 13. Bxb7 Nxb7 14. d4 exd4
15. Nxd4 Qd7 16. Nf5 g6 17. Bh6 gxf5 18. Qd4 f6 19. Qd5+ Kh8 20. Qxb7 Rg8 21.
Qd5 fxe4 22. Rxe4 Rae8 23. Qf7 Qc6 24. Rae1 f5 25. Qxf5 Bd8 26. g3 Rxe4 27.
Rxe4 Qxa4 28. Qf7 Qxc2 29. Bg7+ 1-0

[Event "Lloyds Bank Masters 08th"]
[Site "London, Park Lane Hotel"]
[Date "1984.08.25"]
[Round "4"]
[White "Levitt, Jonathan"]
[Black "Teichmann, Erik Oskar Michael"]
[Result "1/2-1/2"]
[WhiteElo "2370"]
[BlackElo "2285"]
[PlyCount "31"]
[EventDate "1984.08.22"]
[EventType "swiss"]
[EventRounds "9"]
[EventCountry "ENG"]
[SourceTitle "BritBase"]
[Source "John Saunders"]
[SourceDate "2020.09.07"]
[SourceVersion "1"]
[SourceVersionDate "2020.09.07"]
[SourceQuality "2"]

1. d4 Nf6 2. c4 g6 3. Nc3 Bg7 4. e4 d6 5. Be2 O-O 6. Bg5 c5 7. dxc5 Qa5 8. Bd2
Qxc5 9. Nf3 Bg4 10. O-O Nc6 11. Na4 Qh5 12. h3 Bxf3 13. Bxf3 Qh4 14. Re1 Ne5
15. Bc3 ({Not} 15. Nc3 Nfd7 16. b3 {as mistakenly given in Big Database 2021})
15... Nfd7 16. b3 {Correction submitted by Andy Ansel, 19 June 2021} 1/2-1/2

[Event "Lloyds Bank Masters 08th"]
[Site "London, Park Lane Hotel"]
[Date "1984.08.25"]
[Round "4"]
[White "Miles, Anthony John"]
[Black "Rohde, Michael A"]
[Result "1-0"]
[WhiteElo "2565"]
[BlackElo "2420"]
[PlyCount "59"]
[EventDate "1984.08.22"]
[EventType "swiss"]
[EventRounds "9"]
[EventCountry "ENG"]
[SourceTitle "BritBase"]
[Source "John Saunders"]
[SourceDate "2021.06.18"]
[SourceVersion "1"]
[SourceVersionDate "2021.06.18"]
[SourceQuality "2"]

1. d4 g6 2. e4 Bg7 3. c4 d6 4. Nc3 Nc6 5. d5 Nd4 6. Be3 c5 7. Nge2 Qb6 8. Nxd4
cxd4 9. Na4 dxe3 10. Nxb6 exf2+ 11. Kxf2 axb6 12. Qd2 Nf6 13. Bd3 Ng4+ 14. Ke2
O-O 15. h3 Ne5 16. b3 f5 17. a4 Nxd3 18. Qxd3 fxe4 19. Qe3 Bxa1 20. Rxa1 b5 21.
cxb5 Rf5 22. Qd4 Bd7 23. Rc1 Bxb5+ 24. axb5 Ra2+ 25. Ke3 Rff2 26. Rc8+ Kf7 27.
Qh8 Rfe2+ 28. Kf4 g5+ 29. Kxg5 Rxg2+ 30. Kh5 1-0

[Event "Lloyds Bank Masters 08th"]
[Site "London, Park Lane Hotel"]
[Date "1984.08.25"]
[Round "4"]
[White "Nicholson, John G"]
[Black "Pein, Malcolm"]
[Result "1/2-1/2"]
[WhiteElo "2295"]
[BlackElo "2280"]
[PlyCount "69"]
[EventDate "1984.08.22"]
[EventType "swiss"]
[EventRounds "9"]
[EventCountry "ENG"]
[SourceTitle "BritBase"]
[Source "John Saunders"]
[SourceDate "2021.06.18"]
[SourceVersion "1"]
[SourceVersionDate "2021.06.18"]
[SourceQuality "2"]

1. e4 g6 2. d4 d6 3. Nf3 Nf6 4. Nc3 Bg7 5. Be2 O-O 6. O-O Nc6 7. Be3 Bg4 8. Qd2
Nd7 9. Rad1 e5 10. d5 Ne7 11. Ng5 Bxe2 12. Qxe2 h6 13. Nh3 f5 14. f4 Nf6 15.
fxe5 dxe5 16. Bc5 Nd7 17. Ba3 Rf7 18. Kh1 $1 f4 19. d6 cxd6 20. Rxd6 Qc8 21.
Re6 $1 Nc5 22. Rxe7 Rxe7 23. Qc4+ Kh7 24. Qxc5 Qxc5 25. Bxc5 Rc7 26. Bg1 b5 $1
27. a3 a5 28. Rc1 Rac8 $1 29. Bb6 b4 30. Bxc7 (30. axb4 axb4 31. Bxc7 bxc3 32.
Bd6 cxb2 33. Rb1 Rxc2 34. Ba3 $14) 30... bxc3 31. Bxa5 cxb2 32. Rb1 Rxc2 33.
Ng1 f3 34. gxf3 Bf6 35. Bc3 1/2-1/2

[Event "Lloyds Bank Masters 08th"]
[Site "London, Park Lane Hotel"]
[Date "1984.08.25"]
[Round "4"]
[White "Norwood, David"]
[Black "Wells, Peter K"]
[Result "1/2-1/2"]
[WhiteElo "2290"]
[BlackElo "2350"]
[PlyCount "60"]
[EventDate "1984.08.22"]
[EventType "swiss"]
[EventRounds "9"]
[EventCountry "ENG"]
[SourceTitle "BritBase"]
[Source "John Saunders"]
[SourceDate "2021.06.18"]
[SourceVersion "1"]
[SourceVersionDate "2021.06.18"]
[SourceQuality "2"]

1. Nf3 Nf6 2. c4 e6 3. Nc3 d5 4. e3 c5 5. d4 cxd4 6. exd4 Bb4 7. Bd3 O-O 8. O-O
dxc4 9. Bxc4 b6 10. Qb3 Bxc3 11. bxc3 Qc7 12. Ne5 Ba6 13. Bxa6 Nxa6 14. c4 Nc5
15. dxc5 Qxe5 16. Bb2 Qc7 17. Bxf6 gxf6 18. cxb6 axb6 19. Rac1 Rfd8 20. Rc3 Ra5
21. h4 Rd4 22. Rg3+ Kf8 23. Qb2 Rxh4 24. Rd1 Ke7 25. Qb4+ Rc5 26. Qa3 h6 27.
Rgd3 Rhxc4 28. Rd7+ Qxd7 29. Rxd7+ Kxd7 30. Qa7+ Rc7 1/2-1/2

[Event "Lloyds Bank Masters 08th"]
[Site "London, Park Lane Hotel"]
[Date "1984.08.25"]
[Round "4"]
[White "Rechlis, Gad"]
[Black "Emms, John M"]
[Result "1-0"]
[WhiteElo "2305"]
[BlackElo "2210"]
[PlyCount "69"]
[EventDate "1984.08.22"]
[EventType "swiss"]
[EventRounds "9"]
[EventCountry "ENG"]
[SourceTitle "BritBase"]
[Source "John Saunders"]
[SourceDate "2021.06.18"]
[SourceVersion "1"]
[SourceVersionDate "2021.06.18"]
[SourceQuality "2"]

1. Nf3 Nf6 2. c4 b6 3. d4 e6 4. Nc3 Bb4 5. Qb3 Qe7 6. Bg5 Bb7 7. e3 h6 8. Bxf6
Bxc3+ 9. Qxc3 Qxf6 10. c5 O-O 11. Be2 Nc6 12. O-O d6 13. b4 Ne7 14. Rfc1 Rfc8
15. Qa3 dxc5 16. bxc5 Nc6 17. Qa4 a6 18. Qb3 b5 19. a4 b4 20. a5 Rab8 21. Ra4
Rd8 22. Ne1 Qg5 23. Rd1 Rd7 24. Bf3 Rbd8 25. h3 Kh8 26. Raa1 Rb8 27. Qa4 Rd5
28. Bxd5 Qxd5 29. Qa2 b3 30. Qb1 Nb4 31. Ra3 Bc6 32. Rxb3 Ba4 33. Rdd3 Bxb3 34.
Rxb3 Qc4 35. Nd3 1-0

[Event "Lloyds Bank Masters 08th"]
[Site "London, Park Lane Hotel"]
[Date "1984.08.25"]
[Round "4"]
[White "Rossiter, Philip J"]
[Black "Arkell, Keith C"]
[Result "1-0"]
[WhiteElo "2115"]
[BlackElo "2345"]
[PlyCount "115"]
[EventDate "1984.08.22"]
[EventType "swiss"]
[EventRounds "9"]
[EventCountry "ENG"]
[SourceTitle "BritBase"]
[Source "John Saunders"]
[SourceDate "2021.06.18"]
[SourceVersion "1"]
[SourceVersionDate "2021.06.18"]
[SourceQuality "2"]

1. e4 c6 2. Nc3 d5 3. Qf3 e6 4. Qg3 d4 5. Nce2 Nf6 6. d3 Na6 7. Nf3 c5 8. a3 b6
9. Ne5 Bb7 10. f4 c4 11. Nxc4 Rc8 12. e5 Ne4 13. dxe4 Rxc4 14. Qd3 Rc7 15. b4
Qd7 16. Nxd4 Be7 17. Nb5 O-O 18. Nxc7 Qxc7 19. Bd2 f5 20. Qc4 Qd7 21. exf5 Bh4+
22. g3 Bxh1 23. Qxe6+ Qxe6 24. fxe6 Nc7 25. gxh4 Bd5 26. e7 Re8 27. f5 Rxe7 28.
e6 Be4 29. Bg5 Re8 30. O-O-O Bxf5 31. e7 h6 32. Rd8 hxg5 33. Bb5 Kf7 34. Bxe8+
Nxe8 35. hxg5 Kxe7 36. Ra8 Nc7 37. Rxa7 Kd6 38. a4 Be4 39. Kd2 g6 40. c4 Bg2
41. Kc3 Bf3 42. Kd4 Bg2 43. Ke3 Bf1 44. Kd4 Ne6+ 45. Kc3 Nc7 46. Rb7 Kc6 47.
Rb8 Bg2 48. Rg8 Be4 49. Kd4 Bc2 50. Ke5 Kd7 51. Rg7+ Kd8 52. h4 Na6 53. Kd6 Ke8
54. c5 bxc5 55. bxc5 Nb4 56. c6 Kf8 57. c7 Kxg7 58. c8=Q 1-0

[Event "Lloyds Bank Masters 08th"]
[Site "London, Park Lane Hotel"]
[Date "1984.08.25"]
[Round "4"]
[White "Short, Nigel D"]
[Black "Gallagher, Joseph G"]
[Result "1-0"]
[WhiteElo "2510"]
[BlackElo "2295"]
[PlyCount "59"]
[EventDate "1984.08.22"]
[EventType "swiss"]
[EventRounds "9"]
[EventCountry "ENG"]
[SourceTitle "BritBase"]
[Source "John Saunders"]
[SourceDate "2020.09.07"]
[SourceVersion "1"]
[SourceVersionDate "2020.09.07"]
[SourceQuality "2"]

1. e4 c5 2. Nf3 d6 3. d4 cxd4 4. Nxd4 Nf6 5. Nc3 a6 6. Be3 e5 7. Nb3 Be6 8. Qd2
Nbd7 9. f4 Qc7 10. f5 Bc4 11. Bxc4 Qxc4 12. Qe2 Qc6 13. Bg5 b5 14. Bxf6 Nxf6
15. O-O-O b4 16. Nd5 a5 17. Nxf6+ gxf6 18. Rd5 a4 19. Na5 Qb6 20. Nc4 Qc6 21.
Kb1 Be7 22. Rhd1 b3 23. cxb3 axb3 24. axb3 O-O 25. R1d3 Kh8 26. Rc3 Qb7 27. Na5
Qb6 28. Qe3 Qa6 29. Qf2 Bd8 (29... Rad8 {is the move erroneously given in 2020
Big Database}) 30. Rc6 {Amended 4 July 2021} 1-0

[Event "Lloyds Bank Masters 08th"]
[Site "London, Park Lane Hotel"]
[Date "1984.08.25"]
[Round "4"]
[White "Spassky, Boris Vasilievich"]
[Black "Thipsay, Praveen Mahadeo"]
[Result "1/2-1/2"]
[WhiteElo "2590"]
[BlackElo "2445"]
[PlyCount "39"]
[EventDate "1984.08.22"]
[EventType "swiss"]
[EventRounds "9"]
[EventCountry "ENG"]
[SourceTitle "BritBase"]
[Source "John Saunders"]
[SourceDate "2021.06.18"]
[SourceVersion "1"]
[SourceVersionDate "2021.06.18"]
[SourceQuality "2"]

1. e4 e5 2. Nc3 Nc6 3. g3 g6 4. Bg2 Bg7 5. d3 d6 6. f4 Nge7 7. Nf3 O-O 8. O-O
f5 9. fxe5 dxe5 10. exf5 gxf5 11. Bd2 Qd6 12. Kh1 a6 13. Qe2 Kh8 14. Rae1 Be6
15. Qd1 Rae8 16. Ng5 Bg8 17. g4 f4 18. Be4 b5 19. Nf3 Nd4 20. a3 1/2-1/2

[Event "Lloyds Bank Masters 08th"]
[Site "London, Park Lane Hotel"]
[Date "1984.08.25"]
[Round "4"]
[White "Strauss, David J"]
[Black "Hansson, Dan"]
[Result "1/2-1/2"]
[WhiteElo "2425"]
[BlackElo "2305"]
[PlyCount "92"]
[EventDate "1984.08.22"]
[EventType "swiss"]
[EventRounds "9"]
[EventCountry "ENG"]
[SourceTitle "BritBase"]
[Source "John Saunders"]
[SourceDate "2021.06.18"]
[SourceVersion "1"]
[SourceVersionDate "2021.06.18"]
[SourceQuality "2"]

1. Nf3 c5 2. c4 Nc6 3. Nc3 e5 4. e3 Nf6 5. d4 cxd4 6. exd4 e4 7. Ng5 Bb4 8. d5
Ne5 9. Qd4 d6 10. Ngxe4 Nxe4 11. Qxe4 O-O 12. Be2 Re8 13. O-O Bd7 14. Bd2 Rc8
15. Qf4 Ng6 16. Qd4 Bf5 17. Be3 Bc5 18. Qd2 Bxe3 19. fxe3 Re5 20. Rxf5 Rxf5 21.
Bg4 Rg5 22. Bxc8 Nh4 23. Kh1 Rxg2 24. Qd3 Qxc8 25. Qe4 Rg4 26. Qd3 Rxc4 27. e4
Ng6 28. Qe3 a6 29. Rg1 Ne5 30. Rg3 g6 31. Kg2 Kg7 32. a3 b5 33. Qb6 Qc7 34.
Qxa6 b4 35. axb4 Rxb4 36. Qe2 Qb6 37. Nd1 Qd4 38. Nc3 h5 39. h3 Qc4 40. Qd2 h4
41. Re3 Rb8 42. Ne2 Qb5 43. b3 Qb4 44. Qd4 Qb6 45. Qxb6 Rxb6 46. Nd4 Kf6
1/2-1/2

[Event "Lloyds Bank Masters 08th"]
[Site "London, Park Lane Hotel"]
[Date "1984.08.25"]
[Round "4"]
[White "Thomas, Ian L"]
[Black "Greenfeld, Alon"]
[Result "1/2-1/2"]
[WhiteElo "2115"]
[BlackElo "2485"]
[PlyCount "99"]
[EventDate "1984.08.22"]
[EventType "swiss"]
[EventRounds "9"]
[EventCountry "ENG"]
[SourceTitle "BritBase"]
[Source "John Saunders"]
[SourceDate "2021.06.18"]
[SourceVersion "1"]
[SourceVersionDate "2021.06.18"]
[SourceQuality "2"]

1. e4 c5 2. g3 d5 3. exd5 Qxd5 4. Nf3 Bg4 5. Bg2 Qe6+ 6. Kf1 Nc6 7. h3 Bh5 8.
d3 Nf6 9. Nc3 Qd7 10. g4 Bg6 11. Bf4 e6 12. Ne5 Nxe5 13. Bxe5 Bd6 14. Bxd6 Qxd6
15. Bxb7 Rb8 16. Qf3 Nd7 17. Nb5 Qb6 18. Bc6 Ke7 19. Bxd7 Kxd7 20. a4 a6 21.
Na3 Qxb2 22. Kg2 Qb7 23. Qxb7+ Rxb7 24. Nc4 Rb4 25. a5 Be4+ 26. f3 Bd5 27. Nb6+
Kc7 28. Rhb1 Rb5 29. Kf2 g5 30. c4 Rxb1 31. Rxb1 Bc6 32. h4 h5 33. hxg5 hxg4
34. fxg4 Rh3 35. Rd1 Rh2+ 36. Ke3 Ra2 37. Rf1 Be8 38. Rf6 Kd6 39. Nd5 Rg2 40.
Kf3 Rd2 41. Nf4 Ke7 42. Rh6 Ra2 43. g6 fxg6 44. Nxg6+ Bxg6 45. Rxg6 Rxa5 46.
Rg7+ Kf6 47. Rc7 Ke5 48. Rc6 Kd4 49. Rd6+ Ke5 50. Rc6 1/2-1/2